00265 a2200109 4500001000700000040003500007100003100042240003500073245003000108300000800138362000900146155676 cEscola São Tomás de Aquino aGONZAGA, Tomás Antônio10aTomás Antônio Gonzagalpor10aTomás Antônio Gonzaga a1060 a1980